| 000 | 00602nam a2200205 4500 | ||
|---|---|---|---|
| 999 |
_c2540 _d2540 |
||
| 001 | 2540 | ||
| 003 | BD-JhCC | ||
| 005 | 20191029134017.0 | ||
| 008 | 171104b2011 bg ||||| |||| 00| 0 ben d | ||
| 035 | _a(BD-JhCC) | ||
| 040 |
_aBD-JhCC _dBD-JhCC |
||
| 041 | _aben | ||
| 082 |
_a891.443 _bRAS 2011 |
||
| 100 | _aরশীদ, শুজা | ||
| 245 |
_aকান্না হাসির সমুদ্র / _cশুজা রশীদ |
||
| 260 |
_aঢাকা : _bসৃজনী ; _c২০১১ |
||
| 300 |
_a৯৬ পৃ. ; _c২০ সেমি |
||
| 650 | _aBengali novel | ||
| 942 |
_2ddc _cBK _02 |
||